Applied mathematical methods for chemical engineers / (Record no. 597686)
[ view plain ]
| 000 -LEADER | |
|---|---|
| fixed length control field | 00301nam a2200109Ia 4500 |
| 008 - FIXED-LENGTH DATA ELEMENTS--GENERAL INFORMATION | |
| fixed length control field | 230907s9999||||xx |||||||||||||| ||und|| |
| 082 ## - DEWEY DECIMAL CLASSIFICATION NUMBER | |
| Classification number | 660.0212,LON |
| 100 ## - MAIN ENTRY--PERSONAL NAME | |
| Personal name | Loney, Norman W. |
| 9 (RLIN) | 10934 |
| 245 #0 - TITLE STATEMENT | |
| Title | Applied mathematical methods for chemical engineers / |
| 300 ## - PHYSICAL DESCRIPTION | |
| Extent | xix, 545 pages ; |
| 942 ## - ADDED ENTRY ELEMENTS (KOHA) | |
| Koha item type | Book |
| Withdrawn status | Lost status | Damaged status | Not for loan | Permanent Location | Current Location | Date acquired | Total Checkouts | Full call number | Barcode | Date last seen | Price effective from | Koha item type |
|---|---|---|---|---|---|---|---|---|---|---|---|---|
| US-Pakistan Center for Advanced Studies in Energy (USPCAS-E) | US-Pakistan Center for Advanced Studies in Energy (USPCAS-E) | 04/03/2018 | 660.0212,LON | CAS-E0001785 | 09/12/2023 | 09/12/2023 | Book |
